Top 20 Highest Career WAR in MLB History (Pitchers) - Statistics

General Stats
  • This quiz has been taken 2,503 times
    119 since last reset
  • The average score is 13 of 20
Answer Stats
WAR Career Pitcher % Correct
101.1 1988–2009 Randy Johnson
98%
167.8 1907–1927 Walter Johnson
98%
139.2 1984–2007 Roger Clemens
91%
81.7 2005– Justin Verlander
90%
83.9 1992–2009 Pedro Martinez
88%
106.6 1986–2006 Greg Maddux
85%
89.2 1959–1975 Bob Gibson
80%
109.9 1967–1986 Tom Seaver
78%
90.2 1965–1988 Steve Carlton
73%
106.7 1900–1916 Christy Mathewson
71%
106.8 1925–1941 Lefty Grove
67%
100.1 1942, 1946–1965 Warren Spahn
62%
119.7 1911–1930 Grover Alexander
59%
95.9 1964–1987 Phil Niekro
59%
94.5 1970–1992 Bert Blyleven
57%
90.0 1962–1983 Gaylord Perry
44%
86.2 1948–1966 Robin Roberts
33%
84.1 1965–1983 Fergie Jenkins
32%
82.8 1991–2008 Mike Mussina
27%
91.2 1901–1917 Eddie Plank
24%
No matching quizzes found
Score Distribution
Percent of People with Each Score
Percentile by Number Answered
Your Score History
You have not taken this quiz since the last reset